Applications of genetics

Saved in:
Bibliographic Details
Main Author: Gregory, Jennifer
Format: Book
Language:Undetermined
Published: Cambridge, UK Cambridge Univ. Press 2000
Subjects:
Tags: Add Tag
No Tags, Be the first to tag this record!
Institutions: Trung tâm Học liệu Trường Đại học Cần Thơ
LEADER 00500nam a2200193Ia 4500
001 CTU_61415
008 210402s9999 xx 000 0 und d
020 |b 230000 
082 |a 756.5 
082 |b G822 
100 |a Gregory, Jennifer 
245 0 |a Applications of genetics 
245 0 |c Jennifer Gregory 
260 |a Cambridge, UK 
260 |b Cambridge Univ. Press 
260 |c 2000 
650 |a Genetics 
904 |i Minh, Năm 
980 |a Trung tâm Học liệu Trường Đại học Cần Thơ